[Event "SLO-chT 32nd"]
[Site "Ljubljana"]
[Date "2022.10.29"]
[Round "8.5"]
[White "Belsak, Zan"]
[Black "Lazar, Ales Ml"]
[Result "1/2-1/2"]
[WhiteElo "2107"]
[BlackElo "2260"]
[PlyCount "60"]
[EventDate "2022.09.02"]
[EventType "team-tourn"]
[EventRounds "9"]
[EventCountry "SLO"]
[SourceTitle "EXT 2024"]
[Source "ChessBase"]
[SourceDate "2023.10.10"]
[SourceVersion "1"]
[SourceVersionDate "2023.10.10"]
[SourceQuality "1"]
[WhiteTeam "Ptuj"]
[BlackTeam "Murska Sobota Pomgrad"]
[WhiteTeamCountry "SLO"]
[BlackTeamCountry "SLO"]

1. d4 d5 2. Bf4 Nf6 3. e3 e6 4. Nf3 Nh5 5. Bg5 f6 6. Bh4 g6 7. c4 Be7 8. Nc3 0-0 9. cxd5 exd5 10. Bd3 c6 11. Qc2 a5 12. a3 Ng7 13. Bg3 Bf5 14. 0-0 Nd7 15. Rfe1 Bxd3 16. Qxd3 Nf5 17. Bf4 Re8 18. Nd2 Nf8 19. Rab1 Ne6 20. Bg3 Kg7 21. Ne2 Qd7 22. Nf4 Bf8 23. Nxe6+ Rxe6 24. Bf4 Ree8 25. h3 h5 26. Bh2 Kf7 27. Rec1 g5 28. b4 axb4 29. axb4 b5 30. Qc3 Ra6 1/2-1/2

[Event "SLO-chT 32nd"]
[Site "Ljubljana"]
[Date "2022.09.10"]
[Round "5.3"]
[White "Urbanc, Ana"]
[Black "Belsak, Zan"]
[Result "0-1"]
[WhiteElo "1887"]
[BlackElo "2107"]
[PlyCount "118"]
[EventDate "2022.09.02"]
[EventType "team-tourn"]
[EventRounds "9"]
[EventCountry "SLO"]
[SourceTitle "EXT 2023"]
[Source "ChessBase"]
[SourceDate "2022.10.05"]
[SourceVersion "1"]
[SourceVersionDate "2022.10.05"]
[SourceQuality "1"]
[WhiteTeam "Krsko Triglav"]
[BlackTeam "Ptuj"]
[WhiteTeamCountry "SLO"]
[BlackTeamCountry "SLO"]

1. e4 e5 2. Nf3 Nc6 3. Bb5 Nge7 4. 0-0 g6 5. c3 a6 6. Ba4 b5 7. Bb3 Bg7 8. d4 exd4 9. Nxd4 0-0 10. Be3 Na5 11. Bc2 Nc4 12. Bc1 Bb7 13. b3 Nb6 14. Be3 d5 15. f3 c5 16. Ne2 Rc8 17. a4 b4 18. Ra2 bxc3 19. exd5 Nexd5 20. Bf2 Nb4 21. Nbxc3 Nxa2 22. Nxa2 Nd5 23. Bd3 Re8 24. Qd2 Qe7 25. Rc1 Nb4 26. Nxb4 cxb4 27. Bc4 Red8 28. Qe1 Bh6 29. Rb1 a5 30. Ng3 Qxe1+ 31. Rxe1 Re8 32. Ne4 Bxe4 33. Rxe4 Rxe4 34. fxe4 Bf8 35. Kf1 Bc5 36. Bh4 Re8 37. Bd5 Kg7 38. Bc6 Rc8 39. Bb7 Rc7 40. Bd5 Be7 41. Bf2 Rc1+ 42. Ke2 Rc2+ 43. Kf3 Bc5 44. Bg3 Bd4 45. Bh4 f6 46. Bg3 h5 47. Bd6 g5 48. h3 Rf2+ 49. Kg3 h4+ 50. Kh2 Be5+ 51. Kg1 Bg3 52. Bc4 Rd2 53. Be7 Rd1+ 54. Bf1 Rb1 55. Bd8 Rxb3 56. Bxa5 Rb1 57. Bxb4 Rxb4 58. a5 Rb1 59. a6 Ra1 0-1

[Event "SLO-chT 32nd"]
[Site "Ljubljana"]
[Date "2022.09.03"]
[Round "2.2"]
[White "Belsak, Zan"]
[Black "Hercog, Nusa"]
[Result "1/2-1/2"]
[WhiteElo "2107"]
[BlackElo "2019"]
[PlyCount "66"]
[EventDate "2022.09.02"]
[EventType "team-tourn"]
[EventRounds "9"]
[EventCountry "SLO"]
[SourceTitle "EXT 2023"]
[Source "ChessBase"]
[SourceDate "2022.10.05"]
[SourceVersion "1"]
[SourceVersionDate "2022.10.05"]
[SourceQuality "1"]
[WhiteTeam "Ptuj"]
[BlackTeam "Celje"]
[WhiteTeamCountry "SLO"]
[BlackTeamCountry "SVK"]

1. e4 c6 2. d4 d5 3. exd5 cxd5 4. Bd3 Nc6 5. c3 Qc7 6. h3 Nf6 7. Nf3 g6 8. Qc2 Bg7 9. 0-0 0-0 10. Re1 Nh5 11. Be3 e5 12. dxe5 Nxe5 13. Nxe5 Bxe5 14. Nd2 Bd7 15. Nf3 Bg7 16. Bd4 Rfe8 17. Bxg7 Kxg7 18. Qd2 Bc6 19. Nd4 Qf4 20. Qxf4 Nxf4 21. Bf1 Rxe1 22. Rxe1 Re8 23. Rxe8 Bxe8 24. g3 Ne6 25. Nc2 Kf6 26. Bg2 Bc6 27. f4 Nc5 28. b3 Ke6 29. Kf2 Kd6 30. Nd4 Bd7 31. Ke3 f6 32. g4 b6 33. Bf3 Be8 1/2-1/2

[Event "SLO-chT 27th"]
[Site "Slovenia"]
[Date "2017.12.08"]
[Round "7.4"]
[White "Urbanc, Peter"]
[Black "Belsak, Zan"]
[Result "1-0"]
[WhiteElo "2269"]
[BlackElo "2197"]
[PlyCount "99"]
[EventDate "2017.09.29"]
[EventType "team-tourn"]
[EventRounds "9"]
[EventCountry "SLO"]
[SourceTitle "EXT 2019"]
[Source "ChessBase"]
[SourceDate "2018.10.10"]
[SourceVersion "1"]
[SourceVersionDate "2018.10.10"]
[SourceQuality "1"]
[WhiteTeam "Krsko Triglav"]
[BlackTeam "Ptuj"]
[WhiteTeamCountry "SLO"]
[BlackTeamCountry "SLO"]

1. d4 Nf6 2. e3 e6 3. Nf3 b6 4. Bd3 c5 5. 0-0 Bb7 6. c4 Be7 7. Nc3 0-0 8. e4 cxd4 9. Nxd4 d6 10. Be3 Nbd7 11. Qc2 Nc5 12. Rad1 Nxd3 13. Qxd3 a6 14. f3 Qc7 15. Nde2 Nd7 16. b3 Rfd8 17. Rd2 Rac8 18. Rfd1 Bc6 19. Bd4 Rb8 20. Rc1 Rbc8 21. Rcd1 Rb8 22. Rc1 Rbc8 23. Bf2 Qb8 24. Nd4 Ba8 25. Rcd1 Ne5 26. Qe3 Qc7 27. Nde2 Nd7 28. f4 Qb7 29. f5 b5 30. fxe6 fxe6 31. Nd4 b4 32. Nxe6 bxc3 33. Qxc3 Bf6 34. Nxd8 Qxe4 35. Qf3 Qxf3 36. gxf3 Bxd8 37. Rxd6 Bxf3 38. R1d3 Bg4 39. R3d4 Be7 40. Rxd7 Bxd7 41. Rxd7 Bf6 42. Kg2 Rc6 43. Kf3 Be5 44. Bg3 Rf6+ 45. Ke3 Re6 46. Kf3 Rf6+ 47. Ke4 Bxg3 48. hxg3 Rf2 49. c5 Rc2 50. Kd5 1-0

[Event "SLO-chT 27th"]
[Site "Slovenia"]
[Date "2017.09.30"]
[Round "2.3"]
[White "Belsak, Zan"]
[Black "Mikhalchishin, Adrian"]
[Result "0-1"]
[WhiteElo "2197"]
[BlackElo "2479"]
[PlyCount "55"]
[EventDate "2017.09.29"]
[EventType "team-tourn"]
[EventRounds "9"]
[EventCountry "SLO"]
[SourceTitle "EXT 2018"]
[Source "ChessBase"]
[SourceDate "2017.10.13"]
[SourceVersion "1"]
[SourceVersionDate "2017.10.13"]
[SourceQuality "1"]
[WhiteTeam "Ptuj"]
[BlackTeam "Maribor"]
[WhiteTeamCountry "SLO"]
[BlackTeamCountry "SLO"]

1. e4 c5 2. Nc3 e6 3. g3 d5 4. d3 Nc6 5. exd5 exd5 6. Bg2 Nf6 7. Bg5 Be7 8. Nge2 d4 9. Bxf6 Bxf6 10. Ne4 Be7 11. h3 0-0 12. 0-0 f5 13. Nd2 Bd6 14. f4 Be6 15. Kh2 Bc7 16. Bxc6 bxc6 17. h4 Re8 18. Ng1 Bd5 19. Rf2 Qf6 20. b3 Re7 21. Nf1 Rae8 22. Kh3 h6 23. Qh5 Re1 24. Rxe1 Rxe1 25. Nf3 Re7 26. Ng5 Bd6 27. Re2 hxg5 28. hxg5 0-1

[Event "SLO-chT 24th"]
[Site "Slovenia"]
[Date "2014.11.28"]
[Round "4.4"]
[White "Belsak, Zan"]
[Black "Justin, Matjaz"]
[Result "1-0"]
[WhiteElo "2144"]
[BlackElo "2292"]
[PlyCount "59"]
[EventDate "2014.11.14"]
[EventType "team-tourn"]
[EventRounds "9"]
[EventCountry "SLO"]
[SourceTitle "EXT 2016"]
[Source "ChessBase"]
[SourceDate "2015.10.08"]
[SourceVersion "1"]
[SourceVersionDate "2015.10.08"]
[SourceQuality "1"]
[WhiteTeam "Ptuj"]
[BlackTeam "Vrhnika"]
[WhiteTeamCountry "SLO"]
[BlackTeamCountry "SLO"]

1. e4 c5 2. Nc3 e6 3. g3 Nc6 4. Bg2 g6 5. d3 Bg7 6. f4 Nge7 7. Nf3 d5 8. 0-0 0-0 9. Ne2 b6 10. e5 f6 11. exf6 Bxf6 12. Re1 Qd6 13. c3 d4 14. cxd4 cxd4 15. Kh1 Bb7 16. Neg1 Nd5 17. Qe2 Rae8 18. Ne5 Nce7 19. Nc4 Qc7 20. Qxe6+ Kg7 21. Nd6 Bc6 22. Nxe8+ Rxe8 23. Qg4 Qb7 24. Re4 Ne3 25. Bxe3 dxe3 26. Qe2 Bxe4 27. dxe4 Bd4 28. Rd1 Bc5 29. b4 Bxb4 30. Qb2+ 1-0

[Event "SLO-chT"]
[Site "Slovenia"]
[Date "2013.12.15"]
[Round "9"]
[White "Belsak, Zan"]
[Black "Zupancic, Urban"]
[Result "1-0"]
[WhiteElo "2124"]
[BlackElo "1913"]
[PlyCount "67"]
[EventDate "2013.11.22"]
[EventType "team-tourn"]
[EventRounds "9"]
[EventCountry "SLO"]
[SourceTitle "EXT 2015"]
[Source "ChessBase"]
[SourceDate "2014.11.20"]
[SourceVersion "1"]
[SourceVersionDate "2014.11.20"]
[SourceQuality "1"]
[WhiteTeam "Ptuj"]
[BlackTeam "Novo Mesto Krka"]
[WhiteTeamCountry "SLO"]
[BlackTeamCountry "SLO"]

1. e4 e5 2. Nf3 Nc6 3. Bc4 Bc5 4. 0-0 d6 5. c3 Nf6 6. d4 exd4 7. cxd4 Bb6 8. h3 h6 9. Nc3 0-0 10. Bb3 Re8 11. Re1 Nd7 12. Bc2 Nf8 13. a3 Ng6 14. Be3 Bd7 15. Nd5 Nce7 16. Nxb6 axb6 17. Nh2 f5 18. Qh5 Rf8 19. e5 dxe5 20. dxe5 Nxe5 21. Bxh6 N7c6 22. Bg5 Qc8 23. Bb3+ Be6 24. Bxe6+ Qxe6 25. f4 Qf7 26. Qe2 Nd7 27. Nf3 Nf6 28. Bxf6 Qxf6 29. Ng5 Qd4+ 30. Kh1 Qf6 31. Qc4+ Kh8 32. Re6 Qxb2 33. Rae1 Qd4 34. Rxc6 1-0

[Event "SLO-chT"]
[Site "Slovenia"]
[Date "2013.11.24"]
[Round "3"]
[White "Belsak, Zan"]
[Black "Nerat, Ivan"]
[Result "1/2-1/2"]
[WhiteElo "2124"]
[BlackElo "2042"]
[PlyCount "122"]
[EventDate "2013.11.22"]
[EventType "team-tourn"]
[EventRounds "9"]
[EventCountry "SLO"]
[SourceTitle "EXT 2015"]
[Source "ChessBase"]
[SourceDate "2014.11.20"]
[SourceVersion "1"]
[SourceVersionDate "2014.11.20"]
[SourceQuality "1"]
[WhiteTeam "Ptuj"]
[BlackTeam "Rokada Lendava"]
[WhiteTeamCountry "SLO"]
[BlackTeamCountry "SLO"]

1. e4 e6 2. d4 d5 3. Nd2 a6 4. g3 dxe4 5. Nxe4 Bd7 6. Nf3 Bc6 7. Qd3 Nf6 8. Nxf6+ gxf6 9. Bg2 Qd5 10. b3 Qe4+ 11. Qxe4 Bxe4 12. c3 c5 13. 0-0 cxd4 14. Re1 Bc6 15. Nxd4 Bxg2 16. Kxg2 Nd7 17. b4 Rc8 18. Bd2 Ne5 19. Re2 Nc4 20. Be1 Na3 21. Rd1 b5 22. Nf5 Nc4 23. Re4 Be7 24. Ng7+ Kf8 25. Rd7 Ne5 26. Rb7 Kxg7 27. Rxe7 Rhd8 28. f4 Nd3 29. R4xe6 Nxe1+ 30. Rxe1 Rxc3 31. Ra7 Rc2+ 32. Kh3 Rxa2 33. Ree7 Rdd2 34. Kg4 Kg6 35. Rxf7 h5+ 36. Kf3 Kf5 37. Ke3 Rdb2 38. Rfd7 Rxb4 39. Rd5+ Ke6 40. Rd3 Rbb2 41. h3 Rh2 42. Ke4 f5+ 43. Kd4 Kd6 44. Rh7 Ra4+ 45. Ke3+ Kc5 46. Rxh5 b4 47. Rxf5+ Kc4 48. Rfd5 Ra3 49. Rxa3 bxa3 50. Ra5 Kb3 51. Rxa6 Rxh3 52. Kf3 a2 53. f5 Rh1 54. Kf4 a1R 55. Rxa1 Rxa1 56. Ke5 Kc4 57. f6 Re1+ 58. Kd6 Rd1+ 59. Ke7 Re1+ 60. Kd6 Rd1+ 61. Ke7 Re1+ 1/2-1/2

[Event "SLO-chT"]
[Site "Slovenia"]
[Date "2013.11.22"]
[Round "1"]
[White "Zupe, Miran"]
[Black "Belsak, Zan"]
[Result "1-0"]
[WhiteElo "2275"]
[BlackElo "2124"]
[PlyCount "117"]
[EventDate "2013.11.22"]
[EventType "team-tourn"]
[EventRounds "9"]
[EventCountry "SLO"]
[SourceTitle "EXT 2015"]
[Source "ChessBase"]
[SourceDate "2014.11.20"]
[SourceVersion "1"]
[SourceVersionDate "2014.11.20"]
[SourceQuality "1"]
[WhiteTeam "Maribor Branik"]
[BlackTeam "Ptuj"]
[WhiteTeamCountry "SLO"]
[BlackTeamCountry "SLO"]

1. e4 e5 2. Nf3 Nc6 3. Bc4 Bc5 4. 0-0 Nf6 5. d3 0-0 6. Re1 Re8 7. c3 d6 8. Nbd2 a6 9. Bb3 Ba7 10. Nf1 d5 11. exd5 Nxd5 12. d4 Bg4 13. h3 Bxf3 14. Qxf3 Nf6 15. Bg5 exd4 16. Rxe8+ Qxe8 17. Bxf6 gxf6 18. Qxf6 Qf8 19. Ng3 Qg7 20. Qf4 Ne5 21. cxd4 Ng6 22. Qxc7 Rf8 23. Rd1 Bxd4 24. Qxb7 Bxb2 25. Qxa6 Qf6 26. Qxf6 Bxf6 27. Nf5 Be5 28. g3 h5 29. Rd7 h4 30. Nh6+ Kg7 31. Nxf7 Bf6 32. Kg2 Ne7 33. Nd6 Kg6 34. Bc2+ Kh6 35. Ne4 Ng8 36. Bb3 Be5 37. f4 Bb8 38. Bxg8 Rxg8 39. Kf3 Rf8 40. Rd4 hxg3 41. Nxg3 Rc8 42. a4 Rc3+ 43. Kg4 Bc7 44. Re4 Kg6 45. h4 Kf7 46. h5 Bb6 47. Rb4 Rc6 48. Rb5 Be3 49. Rb7+ Kf8 50. Nf5 Bd2 51. Nh4 Ra6 52. Nf3 Bc3 53. Rc7 Bf6 54. Ng5 Be7 55. Rc4 Kg7 56. Re4 Bf6 57. Re6 Rxa4 58. h6+ Kg6 59. Ne4 1-0

[Event "SLO-chT2 East"]
[Site "Brezice Maribor"]
[Date "2012.11.03"]
[Round "7"]
[White "Belsak, Zan"]
[Black "Takacs, Balazs"]
[Result "1/2-1/2"]
[WhiteElo "2106"]
[BlackElo "2349"]
[PlyCount "106"]
[EventDate "2012.09.08"]
[EventType "team-tourn"]
[EventRounds "9"]
[EventCountry "SLO"]
[SourceTitle "EXT 2022"]
[Source "ChessBase"]
[SourceDate "2021.10.06"]
[SourceVersion "1"]
[SourceVersionDate "2021.10.06"]
[SourceQuality "1"]

1. e4 c5 2. Nc3 d6 3. f4 Nc6 4. Bb5 Bd7 5. a4 g6 6. Nf3 Bg7 7. d3 a6 8. Bc4 Na5 9. Ba2 b5 10. e5 e6 11. Ne4 Nb7 12. Be3 Bc6 13. c3 dxe5 14. fxe5 Bxe4 15. dxe4 Qxd1+ 16. Rxd1 h6 17. 0-0 Ne7 18. g4 Nc6 19. Rd2 Rd8 20. Rxd8+ Ncxd8 21. axb5 axb5 22. c4 b4 23. Rd1 Nc6 24. Bb3 Ke7 25. Ba4 Rc8 26. b3 Rc7 27. Bf4 Nba5 28. Rd3 Rd7 29. Rxd7+ Kxd7 30. Kf2 Kc7 31. Ke3 Kd8 32. h3 Ne7 33. Ne1 Bf8 34. Nf3 Nc8 35. Nd2 Nb6 36. Bb5 Nd7 37. Ba4 Kc7 38. Bxd7 Kxd7 39. h4 Bg7 40. g5 hxg5 41. hxg5 Bf8 42. Kd3 Be7 43. Kc2 Bd8 44. Kd3 Nc6 45. Nf3 Nb8 46. Kc2 Bc7 47. Kd3 Ke8 48. Bh2 Nd7 49. Kc2 Nf8 50. Kd3 Kd7 51. Kc2 Nh7 52. Kd3 Ke8 53. Ke3 Bd8 1/2-1/2

[Event "SLO-chT2 East"]
[Site "Brezice Maribor"]
[Date "2012.10.06"]
[Round "4"]
[White "Rogic, Davor"]
[Black "Belsak, Zan"]
[Result "1-0"]
[WhiteElo "2578"]
[BlackElo "2106"]
[PlyCount "148"]
[EventDate "2012.09.08"]
[EventType "team-tourn"]
[EventRounds "9"]
[EventCountry "SLO"]
[SourceTitle "EXT 2022"]
[Source "ChessBase"]
[SourceDate "2021.10.06"]
[SourceVersion "1"]
[SourceVersionDate "2021.10.06"]
[SourceQuality "1"]

1. e4 e5 2. Nf3 Nc6 3. Bb5 Nge7 4. c3 g6 5. d4 exd4 6. cxd4 Bg7 7. Nc3 a6 8. Ba4 b5 9. Bc2 d6 10. 0-0 Bg4 11. Be3 0-0 12. Qd2 Bxf3 13. gxf3 Na5 14. Bd3 Nb7 15. a4 b4 16. Ne2 c5 17. Rac1 Qb6 18. Bc4 Rac8 19. Qd3 a5 20. Rfd1 Nc6 21. b3 Rfd8 22. Bd5 cxd4 23. Nxd4 Nxd4 24. Rxc8 Rxc8 25. Bxd4 Bxd4 26. Qxd4 Qxd4 27. Rxd4 Rc1+ 28. Kg2 Nc5 29. f4 Rc3 30. e5 dxe5 31. fxe5 Rd3 32. e6 fxe6 33. Rxd3 Nxd3 34. Bxe6+ Kg7 35. Kf3 Nc5 36. Bc4 Kf6 37. Ke3 Ke5 38. f4+ Kd6 39. Kd4 h6 40. Bf7 g5 41. fxg5 hxg5 42. Bc4 g4 43. Bf7 Nd7 44. Bg8 Ne5 45. Bd5 Nd7 46. Be4 Ne5 47. Ke3 Kc5 48. Bf5 Kd5 49. Bh7 Kc5 50. Be4 Nd7 51. Bf5 Ne5 52. Ke4 Nf3 53. Bxg4 Nd2+ 54. Kd3 Nxb3 55. Bd1 Nd4 56. h4 Nf5 57. h5 Nh6 58. Bb3 Ng4 59. Be6 Ne5+ 60. Ke4 Nc4 61. h6 b3 62. Kd3 Ne5+ 63. Kc3 b2 64. Kxb2 Kb4 65. h7 Ng6 66. Bf7 Nh8 67. Be8 Kc5 68. Kc2 Kd5 69. Kd2 Ke5 70. Kc3 Kf6 71. Kc4 Kg7 72. Kb5 Kxh7 73. Kxa5 Kg7 74. Kb6 Kf8 1-0

[Event "SLO-chT2 East"]
[Site "Brezice Maribor"]
[Date "2012.09.08"]
[Round "2"]
[White "Florjancic, Rudolf"]
[Black "Belsak, Zan"]
[Result "0-1"]
[WhiteElo "1922"]
[BlackElo "2106"]
[PlyCount "62"]
[EventDate "2012.09.08"]
[EventType "team-tourn"]
[EventRounds "9"]
[EventCountry "SLO"]
[SourceTitle "EXT 2022"]
[Source "ChessBase"]
[SourceDate "2021.10.06"]
[SourceVersion "1"]
[SourceVersionDate "2021.10.06"]
[SourceQuality "1"]

1. e4 e5 2. Nf3 Nc6 3. d4 exd4 4. Nxd4 Bc5 5. Be3 Qf6 6. c3 Nge7 7. Be2 b6 8. 0-0 Bb7 9. f4 d6 10. Bf3 0-0-0 11. Na3 Rhe8 12. Nac2 Ng6 13. a3 Nh4 14. b4 Nxf3+ 15. Rxf3 Bxd4 16. cxd4 Rxe4 17. d5 Ne7 18. Bd4 Qh6 19. a4 Nxd5 20. a5 Rxf4 21. Rg3 g5 22. axb6 axb6 23. Ra7 Qg6 24. b5 Re8 25. Bf2 Qe4 26. Nd4 Nc3 27. Qa1 Rxf2 28. Nc6 Rb2 29. Ra8+ Bxa8 30. Qxa8+ Kd7 31. Ne5+ Rxe5 0-1

[Event "Ptuj op 6th"]
[Site "Ptuj"]
[Date "2011.08.15"]
[Round "6"]
[White "Gantar, Jan"]
[Black "Belsak, Zan"]
[Result "0-1"]
[WhiteElo "2175"]
[BlackElo "2109"]
[PlyCount "54"]
[EventDate "2011.08.12"]
[EventType "swiss"]
[EventRounds "9"]
[EventCountry "SLO"]
[SourceTitle "CBM 143 Extra"]
[Source "ChessBase"]
[SourceDate "2011.08.29"]
[SourceVersion "1"]
[SourceVersionDate "2011.08.29"]
[SourceQuality "1"]

1. e4 e5 2. Nf3 Nf6 3. Nxe5 d6 4. Nf3 Nxe4 5. c4 c6 6. Nc3 Nxc3 7. dxc3 Be7 8. Bd3 Bg4 9. Be3 Nd7 10. Qb3 Bxf3 11. gxf3 Qc7 12. 0-0-0 Nc5 13. Bxc5 dxc5 14. Bc2 0-0 15. Kb1 Rad8 16. Ka1 Rxd1+ 17. Rxd1 Rd8 18. Re1 Bf6 19. Bb1 g6 20. Rh1 Rd2 21. h4 Qb6 22. Qa3 Rxf2 23. Rh3 h5 24. Be4 Rf1+ 25. Bb1 Qd8 26. Qb3 Qd2 27. f4 Qc1 0-1

[Event "SLO-chT2 Ost"]
[Site "Slovenia"]
[Date "2010.09.25"]
[Round "5"]
[White "Belsak, Zan"]
[Black "Tolic, Mato"]
[Result "1/2-1/2"]
[WhiteElo "2096"]
[BlackElo "2072"]
[PlyCount "164"]
[EventDate "2010.05.29"]
[EventType "team-tourn"]
[EventRounds "9"]
[EventCountry "SLO"]
[SourceTitle "EXT 2022"]
[Source "ChessBase"]
[SourceDate "2021.10.06"]
[SourceVersion "1"]
[SourceVersionDate "2021.10.06"]
[SourceQuality "1"]

1. e4 d6 2. d4 Nf6 3. f3 g6 4. Be3 Bg7 5. c3 Nc6 6. Nd2 e5 7. Bd3 exd4 8. cxd4 0-0 9. Ne2 b6 10. 0-0 Nb4 11. Bb1 c5 12. a3 Nc6 13. Bd3 Ne8 14. Nb3 a5 15. a4 Nb4 16. Bc4 Nc7 17. Bd2 Ba6 18. Bxa6 Ncxa6 19. Bc3 Qg5 20. f4 Qe7 21. dxc5 Qxe4 22. Bxg7 Kxg7 23. cxb6 Nc2 24. Rc1 Ne3 25. Qd4+ Qxd4 26. Nexd4 Nxf1 27. Kxf1 Rfb8 28. Rc6 Nc5 29. Nxc5 dxc5 30. Nb5 Ra6 31. Rxc5 Raxb6 32. Kf2 Rd8 33. Rc2 Rd3 34. g3 h5 35. Ke2 Rb3 36. Rd2 Rb4 37. Rd7 Rxa4 38. Nd6 Rxb2+ 39. Kf3 Rb3+ 40. Kg2 Ra2+ 41. Kh3 Rd2 42. Nf5+ gxf5 43. Rxd2 a4 44. Rd5 Kg6 45. Ra5 a3 46. Ra6+ f6 47. Ra7 Rc3 48. Ra5 Kf7 49. Ra6 Ke7 50. Kh4 Rc2 51. Kxh5 Rxh2+ 52. Kg6 a2 53. Kxf5 Rh5+ 54. Kg6 Rh3 55. g4 Rg3 56. Kf5 Rg2 57. Ra7+ Kd6 58. Kxf6 Rxg4 59. f5 Rg2 60. Kf7 Re2 61. Ra6+ Ke5 62. Ra5+ Kd6 63. f6 Rf2 64. Kg7 Rg2+ 65. Kf8 Kd7 66. f7 Kd8 67. Ra8+ Kd7 68. Ra7+ Kd8 69. Ra3 Kd7 70. Ra8 Rh2 71. Kg8 Rg2+ 72. Kf8 Rh2 73. Ra7+ Kd8 74. Kg7 Rg2+ 75. Kh6 Rh2+ 76. Kg6 Rg2+ 77. Kh5 Rh2+ 78. Kg4 Rf2 79. Rxa2 Rxf7 80. Ra8+ Ke7 81. Ra7+ Kf6 82. Rxf7+ Kxf7 1/2-1/2

[Event "SLO-ch U18"]
[Site "Rogaska Slatina"]
[Date "2010.02.??"]
[Round "9"]
[White "Rozic, Samo"]
[Black "Belsak, Zan"]
[Result "1/2-1/2"]
[WhiteElo "2022"]
[BlackElo "2085"]
[PlyCount "47"]
[EventDate "2010.02.??"]
[EventType "swiss"]
[EventRounds "9"]
[EventCountry "SLO"]
[SourceTitle "CBM 135 Extra"]
[Source "ChessBase"]
[SourceDate "2010.05.04"]
[SourceVersion "1"]
[SourceVersionDate "2010.05.04"]
[SourceQuality "1"]

1. e4 e5 2. d4 exd4 3. Qxd4 Nc6 4. Qe3 Nf6 5. Nc3 Bb4 6. Bd2 0-0 7. 0-0-0 Re8 8. Qg3 Nxe4 9. Nxe4 Rxe4 10. c3 Ba5 11. Bd3 Re8 12. f4 d6 13. Nf3 Qf6 14. f5 h6 15. h4 Bxf5 16. Bg5 Qe6 17. Bxf5 Qxf5 18. Bxh6 Qg6 19. Bg5 Re2 20. Rd2 Rxd2 21. Kxd2 Re8 22. h5 Qh7 23. h6 Bb6 24. Kc1 1/2-1/2

[Event "SLO-ch U18"]
[Site "Rogaska Slatina"]
[Date "2010.02.??"]
[Round "2"]
[White "Tomazini, Aljosa"]
[Black "Belsak, Zan"]
[Result "0-1"]
[WhiteElo "2255"]
[BlackElo "2085"]
[PlyCount "128"]
[EventDate "2010.02.??"]
[EventType "swiss"]
[EventRounds "9"]
[EventCountry "SLO"]
[SourceTitle "CBM 135 Extra"]
[Source "ChessBase"]
[SourceDate "2010.05.04"]
[SourceVersion "1"]
[SourceVersionDate "2010.05.04"]
[SourceQuality "1"]

1. d4 d5 2. c4 c6 3. cxd5 cxd5 4. Nc3 Nf6 5. Nf3 Nc6 6. Bf4 e6 7. e3 Qb6 8. Rb1 Nh5 9. Bg5 h6 10. Bh4 g5 11. Bg3 Nxg3 12. hxg3 Bg7 13. Be2 Qd8 14. b4 g4 15. Ng1 h5 16. Bd3 Kf8 17. Nge2 e5 18. b5 Ne7 19. Bc2 Be6 20. dxe5 Bxe5 21. Nd4 Rc8 22. Qd2 Qc7 23. Nce2 Qd7 24. Qd3 Rc5 25. Nf4 Qc8 26. Nfxe6+ fxe6 27. Bb3 Kf7 28. Kd2 Rc7 29. Rbc1 Qd7 30. Rcf1 Qd6 31. Rh2 Qb4+ 32. Kd1 Bxd4 33. exd4 Rc3 34. Qd2 Qxb5 35. Qxc3 Qxf1+ 36. Qe1 Qxe1+ 37. Kxe1 Nf5 38. Bd1 Kg7 39. Kd2 Nxd4 40. f3 gxf3 41. gxf3 Nf5 42. Rh3 Rh6 43. Ke2 b5 44. Kf2 a5 45. f4 Kg6 46. Rh1 Rh7 47. Re1 Kf6 48. Rh1 Kg6 49. Re1 Re7 50. Rh1 Ng7 51. Bc2+ Kf6 52. Bd3 Rc7 53. Bxb5 Rc2+ 54. Ke3 Rxa2 55. Bd3 a4 56. Rh4 a3 57. g4 hxg4 58. Rxg4 Nf5+ 59. Bxf5 Kxf5 60. Rg8 Ra1 61. Rf8+ Kg6 62. Rg8+ Kf7 63. Rg2 a2 64. Re2 Kf6 0-1

[Event "SLO-chT2 Ost"]
[Site "Maribor"]
[Date "2009.10.10"]
[Round "7"]
[White "Belsak, Zan"]
[Black "Spalir, Branko"]
[Result "0-1"]
[WhiteElo "2030"]
[BlackElo "2131"]
[PlyCount "90"]
[EventDate "2009.05.30"]
[EventType "team-tourn"]
[EventRounds "9"]
[EventCountry "SLO"]
[SourceTitle "EXT 2022"]
[Source "ChessBase"]
[SourceDate "2021.10.06"]
[SourceVersion "1"]
[SourceVersionDate "2021.10.06"]
[SourceQuality "1"]

1. e4 e5 2. Nf3 Nc6 3. Bb5 a6 4. Bxc6 dxc6 5. 0-0 f6 6. d4 exd4 7. Nxd4 c5 8. Ne2 Qxd1 9. Rxd1 Bd6 10. Bf4 Bxf4 11. Nxf4 Ne7 12. Nc3 Bd7 13. Nfd5 Nxd5 14. Rxd5 b6 15. Rad1 Be6 16. R5d2 Rc8 17. f3 Rf8 18. a3 Rf7 19. Kf2 Rd7 20. Rxd7 Bxd7 21. Nd5 Be6 22. Nf4 Bf7 23. Ke3 Ke7 24. Ne2 Bc4 25. Nf4 Bf7 26. h4 Rg8 27. g4 c6 28. Ne2 Be6 29. Ng3 g6 30. g5 f5 31. exf5 gxf5 32. Kf4 Rf8 33. Re1 b5 34. Re5 c4 35. Nxf5+ Kd7 36. Ke4 a5 37. f4 Bd5+ 38. Ke3 b4 39. Ng3 c3 40. bxc3 bxa3 41. Kd2 a2 42. Re1 Rb8 43. Nf5 Rb1 44. Re7+ Kd8 45. Rxh7 a1Q 0-1

[Event "Ptuj op"]
[Site "Ptuj"]
[Date "2009.08.09"]
[Round "9"]
[White "Mestek, Igor"]
[Black "Belsak, Zan"]
[Result "1-0"]
[WhiteElo "2157"]
[BlackElo "2030"]
[PlyCount "69"]
[EventDate "2009.08.02"]
[EventType "swiss"]
[EventRounds "9"]
[EventCountry "SLO"]
[SourceTitle "CBM 131 Extra"]
[Source "ChessBase"]
[SourceDate "2009.09.03"]
[SourceVersion "2"]
[SourceVersionDate "2009.09.16"]
[SourceQuality "1"]

1. e4 e5 2. Nf3 d6 3. d4 Nf6 4. Nc3 Nbd7 5. g4 g6 6. g5 Nh5 7. Be3 c6 8. Be2 Be7 9. Qd2 Qc7 10. 0-0-0 b6 11. Nh4 Ng7 12. f4 exf4 13. Bxf4 Bb7 14. Rhf1 0-0-0 15. d5 c5 16. Nb5 Qb8 17. Bg4 a6 18. Nc3 Rhf8 19. Nf3 Qc7 20. e5 Kb8 21. exd6 Bxd6 22. Bxd6 Qxd6 23. Ne4 Qc7 24. Bxd7 Qxd7 25. Qf4+ Ka7 26. Nf6 Qh3 27. Rfe1 Qf5 28. Qxf5 Nxf5 29. Nxh7 Rh8 30. Nf6 Rh3 31. Ne5 Rxh2 32. Nxf7 Rf8 33. Ne5 Rg2 34. Rd2 Rxg5 35. Nh7 1-0

[Event "Ptuj op"]
[Site "Ptuj"]
[Date "2009.08.07"]
[Round "7"]
[White "Belsak, Zan"]
[Black "Crepan, Marjan"]
[Result "1/2-1/2"]
[WhiteElo "2030"]
[BlackElo "2324"]
[PlyCount "82"]
[EventDate "2009.08.02"]
[EventType "swiss"]
[EventRounds "9"]
[EventCountry "SLO"]
[SourceTitle "CBM 131 Extra"]
[Source "ChessBase"]
[SourceDate "2009.09.03"]
[SourceVersion "2"]
[SourceVersionDate "2009.09.16"]
[SourceQuality "1"]

1. e4 e5 2. Nf3 Nc6 3. Bb5 Bc5 4. c3 Nge7 5. 0-0 Bb6 6. d4 exd4 7. cxd4 d5 8. exd5 Nxd5 9. Re1+ Be6 10. Bg5 Qd6 11. Nbd2 0-0 12. Nc4 Qb4 13. Bxc6 bxc6 14. Rc1 Rfe8 15. Nfe5 f6 16. Bd2 Qf8 17. Nxc6 Qf7 18. Qf3 Bd7 19. Rxe8+ Rxe8 20. N4a5 g5 21. h3 Kg7 22. b4 h5 23. Qd3 h4 24. Qf3 Qe6 25. b5 Qe2 26. Qxd5 Be6 27. Qf3 Qxd2 28. Qc3 Qxa2 29. Nc4 Bxc4 30. Qxc4 Re1+ 31. Kh2 Qxf2 32. Rxe1 Qg3+ 33. Kg1 Qxe1+ 34. Kh2 Qe4 35. Nd8 Qe7 36. Nc6 Qd6+ 37. Kh1 Qd7 38. Kh2 Qd6+ 39. Kh1 Qd7 40. Kh2 Kf8 41. Kh1 Kg7 1/2-1/2